000 00751 a2200241 4500
003 CBULib
005 20231109071248.0
008 231109b |||||||| |||| 00| 0 eng d
020 _a9780444635099
040 _bEnglish
_cCBULib
_erda
050 _aTS 230 Cam
100 _aCampbell, John
245 _aComplete casting handbook : metal casting processes, metallurgy, techniques and design
_c/ by John Campbell
260 _bButterworth-Heinmann,
_c2015
_aOxford :
300 _axxv, 1028 pages : illustrations
336 _2rdacontent
_aText |
_btxt
337 _2rdamedia
_aUnmediated |
_bn
338 _2rdacarrier
_aVolume
_bnc
650 0 _9976
_aFOUNDING
650 0 _9980
_aMETALLURGY
650 0 _9978
_aMETAL CASTINGS
942 _2lcc
_c002
999 _c83000
_d83000